| 000 | 01112naa a2200289 c 4500 | ||
|---|---|---|---|
| 001 | 28061 | ||
| 003 | ES-MaCES | ||
| 005 | 20250203132348.0 | ||
| 008 | 950918n1995 ag ||| | spa d | ||
| 035 | _aCES19980019976v | ||
| 040 |
_aES-MaCES _bspa _cES-MaCES |
||
| 100 | 1 |
_911083 _aDurán López, Federico |
|
| 245 | 1 | 0 |
_aConsejo Económico y Social, representación de intereses y participación de los agentes económicos y sociales en España _cFederico Durán López |
| 504 | _aBibliografía | ||
| 610 | 2 | 4 |
_aConsejo Económico y Social (España) _92408 |
| 650 | 4 |
_aplanificación económica _927017 |
|
| 650 | 4 |
_aConsejos Económicos y Sociales _930859 |
|
| 650 | 4 |
_aComunidades Autónomas _930768 |
|
| 650 | 4 |
_aparticipación política _927242 |
|
| 650 | 4 |
_aEspaña _926964 |
|
| 653 | 1 | 0 | _aAdministración-Instituciones públicas |
| 650 | 4 |
_927235 _agrupo de intereses |
|
| 773 | 0 |
_tRevista de trabajo _gBuenos Aires. - Año 2, n. 6 (marzo-abr. 1995) ; p. 71-80 _w(ES-MaCES)25554 |
|
| 902 | _aART Artículo de revista | ||
| 942 |
_2CES _cAR _h6.3. |
||
| 999 |
_c28061 _d28061 |
||